QUEST Central Library Banner

The dictionary of environmental science and engineering / (Record no. 11262)

MARC details
000 -LEADER
fixed length control field 01668nam a2200193 a 4500
020 ## - INTERNATIONAL STANDARD BOOK NUMBER
ISBN 9056990047 (paperback)
020 ## - INTERNATIONAL STANDARD BOOK NUMBER
ISBN 9789056990046 (paperback)
100 1# - MAIN ENTRY--AUTHOR NAME
Personal name Pfafflin, James R.
245 14 - TITLE STATEMENT
Title The dictionary of environmental science and engineering /
250 ## - EDITION STATEMENT
Edition statement 0th ed.
260 ## - PUBLICATION, DISTRIBUTION, ETC. (IMPRINT)
Place of publication [S.l.] :
Name of publisher Routledge,
Year of publication 1996.
300 ## - PHYSICAL DESCRIPTION
Number of Pages 192 p. ;
490 1# - SERIES STATEMENT
Series statement Routledge dictionaries.
520 ## - SUMMARY, ETC.
Summary, etc Environmental science and engineering is a truly interdisciplinary field. From its origins in public health practice, concern for the well-being of our environment has embraced areas as diverse as chemistry, the earth sciences, biology, engineering and law. The specialist language of any discipline can be a barrier to co-operation and understanding in solving environmental problems. The Dictionary of Environmental Science and Engineering explains many important specialist environmental terms in a clear and concise way. It also provides an extensive guide to the many acronyms encountered in environmental science. The Dictionary of Environmental Science and Engineering will be a valuable reference tool for anyone working, whether directly or indirectly, with the environment. The dictionary describes many of the acts, organisations and requirements related to the legislation of the environment, giving particular emphasis to those of the United States of America. Thus, it will be particularly useful to those seeking a greater understanding of the US perspective on the environmental question.
700 1# - ADDED ENTRY--PERSONAL NAME
Personal name Ziegler, Edward N.
700 1# - ADDED ENTRY--PERSONAL NAME
Personal name Lynch, Joseph M.
856 40 - ELECTRONIC LOCATION AND ACCESS
Uniform Resource Identifier http://www.amazon.com/exec/obidos/ASIN/9056990047/chopaconline-20
942 ## - ADDED ENTRY ELEMENTS (KOHA)
Koha item type Books
Holdings
Withdrawn status Lost status Home library Current library Date acquired Cost, normal purchase price Full call number Accession Number Koha item type
    Central Library, QUEST, Nawabshah Seminar Library, Energy & Environ. Engg. 29/10/2014 2884.00 628.03PFA 35167 Books

Copyright © 2018,The QUEST, Nawabshah, Shaheed Benazirabad. All rights reserved
Mr. G. Farooq Channar (Librarian) QUEST, Nawabshah, Sindh, Pakistan 67480.
 Ph#: |   0244-9370381-4 Ext. 2308   Email| lib@quest.edu.pk   Web|  http://www.quest.edu.pk